[Event "Wch Seniors 65 30th"]
[Site "Assisi"]
[Date "2022.11.19"]
[Round "5"]
[White "Legky, Nikolay A"]
[Black "Gruzmann, Boris"]
[Result "1-0"]
[WhiteElo "2350"]
[BlackElo "2156"]
[PlyCount "93"]
[EventDate "2022.11.15"]
[EventType "swiss"]
[EventRounds "11"]
[EventCountry "ITA"]
[SourceTitle "CBM 211 Extra"]
[Source "ChessBase"]
[SourceDate "2023.01.31"]
[SourceVersion "1"]
[SourceVersionDate "2023.01.31"]
[SourceQuality "1"]

1. d4 Nf6 2. Bg5 Ne4 3. Bf4 c5 4. f3 Qa5+ 5. c3 Nf6 6. d5 Qb6 7. Bc1 e6 8. e4 exd5 9. exd5 d6 10. Na3 Be7 11. Nc4 Qc7 12. a4 0-0 13. Ne2 Re8 14. Nf4 b6 15. Be2 Bb7 16. 0-0 Nbd7 17. Ne3 Bf8 18. g4 Re5 19. c4 g6 20. Nd3 Re7 21. g5 Ne8 22. f4 f5 23. gxf6 Ndxf6 24. f5 g5 25. Ng2 h6 26. Nf2 Re5 27. Bd3 Bc8 28. b3 Bg7 29. Bb2 Re7 30. Qc2 a6 31. Rae1 Ra7 32. Re6 Qd8 33. Ne3 Rf7 34. Re1 Rf8 35. Bc3 Raf7 36. Qe2 Rb7 37. Nh1 Rbf7 38. Ng3 Rb7 39. Ba1 Rbf7 40. Kh1 Bd7 41. Nh5 Nxh5 42. Qxh5 Bxa1 43. Rxa1 Rf6 44. Ng4 Bxe6 45. fxe6 Kg7 46. Rg1 Rh8 47. Nxf6 1-0

[Event "Wch Seniors 65 30th"]
[Site "Assisi"]
[Date "2022.11.18"]
[Round "4"]
[White "Gruzmann, Boris"]
[Black "Kierzek, Matthias"]
[Result "1/2-1/2"]
[WhiteElo "2156"]
[BlackElo "2237"]
[PlyCount "62"]
[EventDate "2022.11.15"]
[EventType "swiss"]
[EventRounds "11"]
[EventCountry "ITA"]
[SourceTitle "CBM 211 Extra"]
[Source "ChessBase"]
[SourceDate "2023.01.31"]
[SourceVersion "1"]
[SourceVersionDate "2023.01.31"]
[SourceQuality "1"]

1. e4 c6 2. d4 d5 3. e5 Bf5 4. Nd2 e6 5. Nb3 Nd7 6. Nf3 Ne7 7. Be2 h6 8. 0-0 g5 9. Ne1 Qc7 10. f4 c5 11. c3 c4 12. Nd2 gxf4 13. Bh5 Ng6 14. Ndf3 Be7 15. Bxg6 fxg6 16. Bxf4 g5 17. Bg3 h5 18. h4 g4 19. Ng5 Bxg5 20. hxg5 h4 21. Bf4 h3 22. Rf2 0-0-0 23. Qd2 Nf8 24. g3 Ng6 25. Kh2 Rhf8 26. Be3 Rf7 27. Rc1 Rdf8 28. b3 Be4 29. Rf6 Bf5 30. Qe2 Ne7 31. Bf4 Qc6 1/2-1/2

[Event "GER-ch Seniors 65 34th"]
[Site "Magdeburg"]
[Date "2022.08.15"]
[Round "4"]
[White "Ehlert, Horst"]
[Black "Gruzmann, Boris"]
[Result "1/2-1/2"]
[WhiteElo "2011"]
[BlackElo "2173"]
[PlyCount "89"]
[EventDate "2022.08.12"]
[EventType "swiss"]
[EventRounds "9"]
[EventCountry "GER"]
[SourceTitle "CBM 209 Extra"]
[Source "ChessBase"]
[SourceDate "2022.09.30"]
[SourceVersion "1"]
[SourceVersionDate "2022.09.30"]
[SourceQuality "1"]

1. d4 Nf6 2. Nf3 g6 3. c4 Bg7 4. Nc3 0-0 5. g3 d6 6. Bg2 Nc6 7. d5 Na5 8. Nd2 c6 9. Rb1 cxd5 10. Nxd5 Bd7 11. 0-0 Rc8 12. b3 b5 13. Nxf6+ Bxf6 14. cxb5 Bxb5 15. Ne4 Bg7 16. Bb2 Qb6 17. Bxg7 Kxg7 18. Qd2 Nc6 19. Bh3 Rcd8 20. a4 Ba6 21. b4 Bc8 22. Bg2 Qd4 23. Rfc1 Qxd2 24. Nxd2 Nd4 25. Kf1 Bf5 26. e4 Be6 27. Rc7 Rd7 28. Rbc1 Rxc7 29. Rxc7 Rc8 30. Rxc8 Bxc8 31. f4 a6 32. Kf2 Bd7 33. Bf1 Bxa4 34. Bxa6 Kf8 35. Nb1 Bb5 36. Bxb5 Nxb5 37. Ke3 Ke8 38. Kd3 Kd7 39. g4 Kc6 40. Kc4 e6 41. g5 d5+ 42. exd5+ exd5+ 43. Kd3 Nc7 44. Kd4 Kd6 45. Ke3 1/2-1/2

[Event "GER-ch Seniors 65 34th"]
[Site "Magdeburg"]
[Date "2022.08.13"]
[Round "2"]
[White "Schirmer, Werner"]
[Black "Gruzmann, Boris"]
[Result "0-1"]
[WhiteElo "1947"]
[BlackElo "2173"]
[PlyCount "80"]
[EventDate "2022.08.12"]
[EventType "swiss"]
[EventRounds "9"]
[EventCountry "GER"]
[SourceTitle "CBM 209 Extra"]
[Source "ChessBase"]
[SourceDate "2022.09.30"]
[SourceVersion "1"]
[SourceVersionDate "2022.09.30"]
[SourceQuality "1"]

1. e4 e5 2. Nf3 Nc6 3. Bb5 a6 4. Ba4 d6 5. 0-0 Bg4 6. h3 h5 7. Bxc6+ bxc6 8. c3 Qf6 9. d4 Ne7 10. Qd3 Bxf3 11. Qxf3 Qxf3 12. gxf3 Ng6 13. Be3 Be7 14. Nd2 0-0 15. Kh1 Rab8 16. b3 Bf6 17. Rg1 exd4 18. cxd4 c5 19. e5 cxd4 20. exf6 dxe3 21. fxg7 Kxg7 22. fxe3 Rfe8 23. Ne4 d5 24. Ng3 h4 25. Nh5+ Kh8 26. e4 Rb6 27. Rg5 dxe4 28. fxe4 Rxe4 29. Rf1 Re5 30. Rxe5 Nxe5 31. Rf4 Rb5 32. Nf6 Ng6 33. Rd4 Rc5 34. Rd7 Ne5 35. Rd8+ Kg7 36. Nh5+ Kg6 37. Nf4+ Kf5 38. Ne2 Ke4 39. Rh8 Ke3 40. Ng1 Rc1 0-1

[Event "Wch Seniors 65 28th"]
[Site "Bled"]
[Date "2018.11.26"]
[Round "8"]
[White "Gruzmann, Boris"]
[Black "Choong, Liong On Mark"]
[Result "1-0"]
[WhiteElo "2215"]
[BlackElo "1932"]
[PlyCount "39"]
[EventDate "2018.11.18"]
[EventType "swiss"]
[EventRounds "11"]
[EventCountry "SLO"]
[SourceTitle "CBM 187 Extra"]
[Source "ChessBase"]
[SourceDate "2018.11.04"]
[SourceVersion "1"]
[SourceVersionDate "2018.11.04"]
[SourceQuality "1"]

1. e4 c5 2. Nf3 Nc6 3. d4 cxd4 4. Nxd4 Qc7 5. Nc3 e6 6. Be3 a6 7. f4 Bb4 8. Bd3 Nf6 9. 0-0 Nxd4 10. Bxd4 Bc5 11. Bxc5 Qxc5+ 12. Kh1 d6 13. Qe2 e5 14. Nd5 Ng4 15. b4 Qa7 16. Nc7+ Kf8 17. Nxa8 Qxa8 18. h3 Nf6 19. fxe5 dxe5 20. Qe3 1-0

[Event "GER-chT Laender Seniors 65+"]
[Site "Templin"]
[Date "2018.09.14"]
[Round "5.2"]
[White "Kaiser, Gerhard1111"]
[Black "Gruzmann, Boris"]
[Result "1/2-1/2"]
[WhiteElo "2172"]
[BlackElo "2209"]
[PlyCount "74"]
[EventDate "2018.09.10"]
[EventType "team-swiss"]
[EventRounds "7"]
[EventCountry "GER"]
[SourceTitle "EXT 2020"]
[Source "ChessBase"]
[SourceDate "2019.10.17"]
[SourceVersion "1"]
[SourceVersionDate "2019.10.17"]
[SourceQuality "1"]
[WhiteTeam "Niedersachsen"]
[BlackTeam "Schleswig Holstein"]
[WhiteTeamCountry "GER"]
[BlackTeamCountry "GER"]

1. e4 c5 2. Nf3 d6 3. Bb5+ Nd7 4. d4 cxd4 5. Nxd4 a6 6. Bd3 Nc5 7. 0-0 g6 8. Nb3 Na4 9. Qe2 Bg7 10. c3 Nf6 11. f3 0-0 12. Be3 Bd7 13. Na3 Qc7 14. Rab1 d5 15. Nd2 e5 16. Rfc1 b5 17. Qf2 dxe4 18. Nxe4 Nd5 19. b3 Nxe3 20. Qxe3 Qb6 21. Qf2 Qxf2+ 22. Kxf2 Nb6 23. c4 f5 24. Nc5 e4 25. Nxd7 Nxd7 26. Be2 Nf6 27. Rd1 b4 28. Nc2 a5 29. Ne3 a4 30. Nd5 axb3 31. axb3 Nxd5 32. Rxd5 Ra2 33. c5 Re8 34. Kf1 exf3 35. Bxf3 Rc2 36. Rbd1 Bf8 37. c6 Rxc6 1/2-1/2

[Event "EU-ch Seniors 65 18th"]
[Site "Drammen"]
[Date "2018.08.04"]
[Round "1"]
[White "Lerstad, Bjorn"]
[Black "Gruzmann, Boris"]
[Result "0-1"]
[WhiteElo "1916"]
[BlackElo "2183"]
[PlyCount "86"]
[EventDate "2018.08.04"]
[EventType "swiss"]
[EventRounds "9"]
[EventCountry "NOR"]
[SourceTitle "CBM 186 Extra"]
[Source "ChessBase"]
[SourceDate "2018.08.24"]
[SourceVersion "1"]
[SourceVersionDate "2018.08.24"]
[SourceQuality "1"]

1. e4 c5 2. Nc3 d6 3. Nf3 Nf6 4. Bc4 e6 5. 0-0 a6 6. a4 Be7 7. d4 cxd4 8. Nxd4 0-0 9. Bb3 Nbd7 10. f3 Nc5 11. Bc4 Qc7 12. Qe2 Rd8 13. Be3 d5 14. exd5 exd5 15. Bd3 Ne6 16. Qf2 Nf4 17. Bf5 g6 18. Bxc8 Raxc8 19. Rfd1 Ne6 20. Nce2 Bc5 21. c3 Re8 22. Re1 Nd7 23. Rad1 Bd6 24. Ng3 Ne5 25. Qc2 Nc4 26. Bf2 Nxd4 27. cxd4 Qb6 28. Rxe8+ Rxe8 29. Rb1 Bf4 30. Nf1 Nd6 31. Qd3 Rc8 32. b3 Nf5 33. Ng3 Bxg3 34. hxg3 Qb4 35. g4 Ne7 36. Be1 Qd6 37. Bd2 f5 38. Re1 fxg4 39. fxg4 Nc6 40. g3 Qf6 41. Be3 Qf3 42. Qf1 Qxg3+ 43. Qg2 Qxe1+ 0-1

[Event "Wch Seniors 65 27th"]
[Site "Acqui Terme"]
[Date "2017.11.10"]
[Round "4"]
[White "Gruzmann, Boris"]
[Black "Torre, Eugenio"]
[Result "1/2-1/2"]
[WhiteElo "2218"]
[BlackElo "2465"]
[PlyCount "61"]
[EventDate "2017.11.07"]
[EventType "swiss"]
[EventRounds "11"]
[EventCountry "ITA"]
[SourceTitle "CBM 181 Extra"]
[Source "ChessBase"]
[SourceDate "2017.12.12"]
[SourceVersion "1"]
[SourceVersionDate "2017.12.12"]
[SourceQuality "1"]

1. e4 e5 2. Nf3 Nc6 3. Bb5 a6 4. Ba4 Nf6 5. 0-0 Nxe4 6. d4 b5 7. Bb3 d5 8. dxe5 Be6 9. c3 Nc5 10. Bc2 Bg4 11. Re1 Be7 12. Nbd2 Qd7 13. Nf1 Bh5 14. Ng3 Bg6 15. Be3 0-0 16. h4 Rfe8 17. h5 Bxc2 18. Qxc2 Ne6 19. Rad1 Na5 20. b3 c5 21. Qd2 Rad8 22. c4 Nxc4 23. bxc4 bxc4 24. Qc2 Qb7 25. Bd2 g6 26. Ne2 Qc8 27. Rb1 Qc6 28. Ba5 Rb8 29. a4 Bf8 30. Bd2 Ra8 31. Qd1 1/2-1/2

[Event "GER-chT Seniors 26th"]
[Site "Templin"]
[Date "2017.09.30"]
[Round "6.2"]
[White "Schultheis, Heinz"]
[Black "Gruzmann, Boris"]
[Result "0-1"]
[WhiteElo "2087"]
[BlackElo "2210"]
[PlyCount "70"]
[EventDate "2017.09.25"]
[EventType "team-swiss"]
[EventRounds "7"]
[EventCountry "GER"]
[SourceTitle "EXT 2019"]
[Source "ChessBase"]
[SourceDate "2018.10.10"]
[SourceVersion "1"]
[SourceVersionDate "2018.10.10"]
[SourceQuality "1"]
[WhiteTeam "Sachsen Anhalt"]
[BlackTeam "Schleswig Holstein"]
[WhiteTeamCountry "GER"]
[BlackTeamCountry "GER"]

1. d4 Nf6 2. c4 d6 3. Nc3 Bf5 4. Qb3 Nc6 5. Nf3 e5 6. d5 Na5 7. Qa4+ c6 8. e4 Bd7 9. b4 Nxc4 10. Bxc4 b5 11. Nxb5 cxb5 12. Bxb5 Nxe4 13. Be3 Nc3 14. Bxd7+ Qxd7 15. Qb3 Ne4 16. 0-0 Be7 17. Rfe1 f5 18. Rac1 0-0 19. Nxe5 dxe5 20. d6+ Rf7 21. dxe7 Qxe7 22. f3 Nf6 23. Rc5 Qd6 24. Rd1 Qe7 25. Rdc1 Kh8 26. Rc6 e4 27. fxe4 fxe4 28. Bc5 Qd7 29. b5 h6 30. Rd1 Qg4 31. Rf1 Rd7 32. h3 Qe2 33. Bd6 Rad8 34. Qg3 Qxb5 35. Rc7 Qb6+ 0-1

[Event "EU-ch Seniors 65 17th"]
[Site "Sabadell"]
[Date "2017.08.16"]
[Round "5"]
[White "Gruzmann, Boris"]
[Black "Giorgadze, Tamaz"]
[Result "1/2-1/2"]
[WhiteElo "2210"]
[BlackElo "2504"]
[PlyCount "88"]
[EventDate "2017.08.12"]
[EventType "swiss"]
[EventRounds "9"]
[EventCountry "ESP"]
[SourceTitle "CBM 180 Extra"]
[Source "ChessBase"]
[SourceDate "2017.10.06"]
[SourceVersion "1"]
[SourceVersionDate "2017.10.06"]
[SourceQuality "1"]

1. e4 d6 2. d4 Nf6 3. Nc3 e5 4. Nge2 Be7 5. f3 0-0 6. Be3 c5 7. d5 Bd7 8. a4 Ne8 9. g4 Bg5 10. Qd2 Bxe3 11. Qxe3 Na6 12. Ng3 Nac7 13. h4 a6 14. g5 b5 15. a5 Qc8 16. Nd1 f5 17. gxf6 Nxf6 18. Nf2 Kh8 19. h5 Ng8 20. Bh3 Nh6 21. 0-0-0 Bxh3 22. Nxh3 Rf6 23. Rdf1 Qd7 24. Ng5 Raf8 25. Ne2 Kg8 26. Kb1 b4 27. Rhg1 Qe8 28. Ng3 Kh8 29. Rh1 Qa4 30. Ne2 Qxa5 31. f4 c4 32. f5 Nb5 33. Ne6 b3 34. cxb3 cxb3 35. Nc1 Rc8 36. Qxb3 Rb8 37. Rh3 Qd2 38. Rd3 Qg2 39. Re1 Rf7 40. Re2 Qh1 41. Rh3 Qf1 42. Rf3 Qh1 43. Rh3 Qf1 44. Rf3 Qh1 1/2-1/2